Enucleationes, additiones atque notae ad librum secundum variarum resolutionum Illustrissimi, ac Reverendissimi D. D. Didaci Covarruvias à Leiva, Episcopi segoviensis, ac Supremi Consilij Castellae praesidis / authore licentiato D. Didaco Ybaniz de Faria V. I. P. ac Supremorum Tribunalium in Hispana Curia advocato

Detalles Bibliográficos
Autor principal: Ybañez de Faria, Diego, fl.1660
Otros Autores: Covarrubias de Leyva, Diego de, arz., 1512-1577, García de la Iglesia, Andrés, fl. 1650-1679, impr
Formato: Libro
Lenguaje:Latin
Publicado: Matriti : in typographia Andreae Garcia de la Iglesia, 1660.
Materias:
Colección:Banco de datos
Acervo:Universidad Autónoma Benito Juárez de Oaxaca. Biblioteca Francisco de Burgoa. Colección antigua
Descripción Física:[4] h., 392 p., [16] h. ; f°
Tema general:Derecho civil
Notas:Portada tipográfica con escudo y pleca en grabado xilográfico. Texto a dos columnas con paginación en números arábigos, reclamos y signaturas. Incluye cabeceras de título con motivos florales y arabescos en grabado xilográfico. Incluye capitulares con motivos florales e historiadas en grabado xilográfico. Encuadernación en pergamino. Marca de fuego: Casa del Noviciado de la Compañía de Jesús de Oaxaca, Oax.
LEADER 01625nam a22002170004500
035 |a 3570 
041 0 |a lat 
100 1 |a Ybañez de Faria, Diego, fl.1660 
245 1 0 |a Enucleationes, additiones atque notae ad librum secundum variarum resolutionum Illustrissimi, ac Reverendissimi D. D. Didaci Covarruvias à Leiva, Episcopi segoviensis, ac Supremi Consilij Castellae praesidis / authore licentiato D. Didaco Ybaniz de Faria V. I. P. ac Supremorum Tribunalium in Hispana Curia advocato 
260 |a Matriti : in typographia Andreae Garcia de la Iglesia, 1660. 
300 |a [4] h., 392 p., [16] h. ; f° 
500 |a Portada tipográfica con escudo y pleca en grabado xilográfico. Texto a dos columnas con paginación en números arábigos, reclamos y signaturas. Incluye cabeceras de título con motivos florales y arabescos en grabado xilográfico. Incluye capitulares con motivos florales e historiadas en grabado xilográfico. Encuadernación en pergamino. Marca de fuego: Casa del Noviciado de la Compañía de Jesús de Oaxaca, Oax.  
504 |a Al principio de la obra están el índice de capítulos y la fe de erratas 
504 |a Al final de la obra está el índice de contenido 
650 1 0 |a Derecho civil 
700 1 |a Covarrubias de Leyva, Diego de, arz., 1512-1577 
700 1 |a García de la Iglesia, Andrés, fl. 1650-1679, impr. 
852 |a Universidad Autónoma "Benito Juárez" de Oaxaca, Biblioteca Francisco de Burgoa, Colección antigua 9685 
942 |c BURANT 
943 |g Universidad Autónoma Benito Juárez de Oaxaca. Biblioteca Francisco de Burgoa. Colección antigua 
999 |c 1114581  |d 1114581